000
00271nam a2200109Ia 4500
008
230907s9999||||xx |||||||||||||| ||und||
082
_a
540
_b
STO
245
0
_a
Introduction to chemical principles /
260
_a
Pearson,
_b
Noida :
_c
2017
300
_a
776 p.
942
_c
BK
999
_c
600306
_d
600306